[Event "Stuttgart-chA int"]
[Site "Ditzingen"]
[Date "2006.05.26"]
[Round "4"]
[White "Kozlov, Alexander"]
[Black "Schuetz, Guenter"]
[Result "0-1"]
[WhiteElo "2112"]
[BlackElo "2222"]
[PlyCount "87"]
[EventDate "2006.05.25"]
[EventType "swiss"]
[EventRounds "7"]
[EventCountry "GER"]
[SourceTitle "EXT 2018"]
[Source "ChessBase"]
[SourceDate "2017.10.13"]
[SourceVersion "1"]
[SourceVersionDate "2017.10.13"]
[SourceQuality "1"]

1. d4 f5 2. Nc3 Nf6 3. Bg5 d5 4. Bxf6 exf6 5. e3 Be6 6. Bd3 Nc6 7. Nge2 Qd7 8. a3 Ne7 9. h4 h5 10. Nf4 Bf7 11. Qf3 c6 12. Na4 b6 13. b3 g5 14. Ne2 Bh6 15. g3 Bg6 16. c4 0-0 17. Rd1 Rfe8 18. 0-0 Kh7 19. Nac3 Red8 20. cxd5 cxd5 21. Ba6 f4 22. exf4 gxh4 23. Rc1 Qh3 24. Qg2 Qe6 25. Rfe1 Rd7 26. Kh2 Rg8 27. Ng1 Qf5 28. Qh3 hxg3+ 29. fxg3 Qxh3+ 30. Nxh3 Nf5 31. Ne2 Ne3 32. Bb5 Re7 33. Nc3 h4 34. gxh4 Bf5 35. Bf1 Nxf1+ 36. Rxf1 Re3 37. Ng1 Rg4 38. Nxd5 Rxh4+ 39. Kg2 Be4+ 40. Kf2 Rxb3 41. Rc7+ Kg6 42. Nc3 Bxf4 43. Rc8 Rh2+ 44. Ke1 0-1

[Event "Stuttgart-chA int"]
[Site "Ditzingen"]
[Date "2006.05.25"]
[Round "1"]
[White "Stoehrer, Philip"]
[Black "Kozlov, Alexander"]
[Result "0-1"]
[WhiteElo "1829"]
[BlackElo "2112"]
[PlyCount "94"]
[EventDate "2006.05.25"]
[EventType "swiss"]
[EventRounds "7"]
[EventCountry "GER"]
[SourceTitle "EXT 2018"]
[Source "ChessBase"]
[SourceDate "2017.10.13"]
[SourceVersion "1"]
[SourceVersionDate "2017.10.13"]
[SourceQuality "1"]

1. d4 Nf6 2. c4 c5 3. d5 e6 4. Nc3 exd5 5. cxd5 d6 6. Nf3 g6 7. g3 Bg7 8. Bg2 0-0 9. 0-0 a6 10. a4 Nbd7 11. Nd2 Re8 12. Nc4 Ne5 13. Na3 Nh5 14. h3 f5 15. Kh2 Bd7 16. Bd2 Rb8 17. f4 Nf7 18. Qe1 b5 19. axb5 axb5 20. Nd1 Qe7 21. Bf3 Nf6 22. Nc2 b4 23. Ra7 Ra8 24. Rxa8 Rxa8 25. Nde3 Bb5 26. Bc1 Nd8 27. g4 fxg4 28. Nxg4 Nxg4+ 29. Bxg4 Qe4 30. Qd2 Ra7 31. Rf3 Qxe2+ 32. Qxe2 Bxe2 33. Re3 Bxg4 34. Re8+ Kf7 35. Rxd8 Rd7 36. Ra8 Bf5 37. Ne3 Bd3 38. Kg3 Be4 39. Ra6 Bd4 40. Ra8 Ke7 41. Kg4 h5+ 42. Kg5 Kf7 43. f5 Bxe3+ 44. Bxe3 Bxf5 45. h4 Be4 46. Rh8 Kg7 47. Re8 Rf7 0-1